[Event "Loire-ch Top20 1213"]
[Site "Loire"]
[Date "2013.03.22"]
[Round "7"]
[White "Deville, Olivier"]
[Black "Licata, Luc"]
[Result "1-0"]
[WhiteElo "1964"]
[BlackElo "2060"]
[PlyCount "61"]
[EventDate "2012.10.06"]
[EventType "swiss"]
[EventRounds "8"]
[EventCountry "FRA"]
[SourceTitle "EXT 2014"]
[Source "ChessBase"]
[SourceDate "2013.11.20"]
[SourceVersion "1"]
[SourceVersionDate "2013.11.20"]
[SourceQuality "1"]

1. d4 d6 2. Nf3 Bg4 3. c4 Nf6 4. Qb3 Qc8 5. h3 Bh5 6. e4 Nxe4 7. Qb5+ c6 8. Qxh5 Nf6 9. Qh4 e6 10. Bg5 Be7 11. Bd3 h6 12. Bxf6 Bxf6 13. Qe4 d5 14. cxd5 cxd5 15. Qf4 0-0 16. 0-0 Qd8 17. Qd2 Nc6 18. Bb5 Ne7 19. Nc3 Qb6 20. Bd3 Kh8 21. Na4 Qd6 22. Rac1 Nc6 23. Bb1 Rac8 24. Nc5 b6 25. Nb3 a5 26. a4 Nb4 27. Qe3 Qd7 28. Bd3 Qxa4 29. Nbd2 Nc6 30. Ba6 Rb8 31. b3 1-0

[Event "Loire-ch Top20 1213"]
[Site "Loire"]
[Date "2013.02.16"]
[Round "6"]
[White "Licata, Luc"]
[Black "Buisine, Roman"]
[Result "1/2-1/2"]
[WhiteElo "2060"]
[BlackElo "1644"]
[PlyCount "69"]
[EventDate "2012.10.06"]
[EventType "swiss"]
[EventRounds "8"]
[EventCountry "FRA"]
[SourceTitle "EXT 2014"]
[Source "ChessBase"]
[SourceDate "2013.11.20"]
[SourceVersion "1"]
[SourceVersionDate "2013.11.20"]
[SourceQuality "1"]

1. Nf3 d5 2. c4 c6 3. g3 Nf6 4. Bg2 Nbd7 5. cxd5 cxd5 6. d4 e6 7. Nc3 Bd6 8. Bf4 Bxf4 9. gxf4 0-0 10. Qd3 b5 11. a3 Rb8 12. Ne5 Qb6 13. b4 Bb7 14. Rg1 Rfc8 15. e3 Rc7 16. Bf3 Rbc8 17. Ne2 Nxe5 18. fxe5 Ne4 19. Ng3 Rc3 20. Qd1 Rc2 21. Bxe4 dxe4 22. Nh5 g6 23. Nf6+ Kg7 24. Nd7 Qc6 25. Nc5 Rc3 26. Rg4 Qd5 27. Qd2 Qc4 28. Nxb7 Rc2 29. Nd6 Qb3 30. Qd1 R8c3 31. Kf1 Rd3 32. Qe1 Qb2 33. Rb1 Qa2 34. Ra1 Qb2 35. Rb1 1/2-1/2

[Event "Loire-ch Top20 1213"]
[Site "Loire"]
[Date "2012.12.15"]
[Round "4"]
[White "Moleins, Adrien"]
[Black "Licata, Luc"]
[Result "0-1"]
[WhiteElo "1740"]
[BlackElo "2060"]
[PlyCount "58"]
[EventDate "2012.10.06"]
[EventType "swiss"]
[EventRounds "8"]
[EventCountry "FRA"]
[SourceTitle "EXT 2014"]
[Source "ChessBase"]
[SourceDate "2013.11.20"]
[SourceVersion "1"]
[SourceVersionDate "2013.11.20"]
[SourceQuality "1"]

1. e4 e6 2. d4 d5 3. e5 c5 4. c3 Qb6 5. a3 Nc6 6. Nf3 Nh6 7. Bd3 Bd7 8. Bc2 Nf5 9. dxc5 Bxc5 10. 0-0 Be7 11. Nbd2 g5 12. Nb3 g4 13. Nfd4 Ncxd4 14. Nxd4 Nxd4 15. cxd4 h5 16. f3 g3 17. hxg3 0-0-0 18. b4 h4 19. g4 h3 20. Be3 Kb8 21. Qe2 f5 22. g5 Bb5 23. Bd3 f4 24. Bxb5 hxg2 25. Kxg2 Rdg8 26. Rh1 Rxg5+ 27. Kf2 Rhg8 28. Rh2 fxe3+ 29. Kxe3 Rxe5+ 0-1

[Event "Loire-ch Top20 1112"]
[Site "Loire"]
[Date "2011.10.08"]
[Round "1.8"]
[White "Licata, Luc"]
[Black "Pareux, Marc"]
[Result "1-0"]
[WhiteElo "1870"]
[BlackElo "1680"]
[PlyCount "56"]
[EventDate "2011.10.08"]
[EventType "tourn"]
[EventRounds "7"]
[EventCountry "FRA"]
[SourceTitle "EXT 2014"]
[Source "ChessBase"]
[SourceDate "2013.11.20"]
[SourceVersion "1"]
[SourceVersionDate "2013.11.20"]
[SourceQuality "1"]

1. c4 g6 2. g3 Bg7 3. Bg2 e5 4. Nc3 Ne7 5. e4 0-0 6. Nge2 d6 7. 0-0 Nbc6 8. d3 f5 9. Nd5 Nxd5 10. cxd5 Ne7 11. Rb1 Rf7 12. Qc2 Qf8 13. Bg5 h6 14. Bxe7 Qxe7 15. b4 g5 16. f3 h5 17. Rbc1 f4 18. Qd2 Kh7 19. a4 Bh6 20. d4 fxg3 21. hxg3 g4 22. f4 exf4 23. Nxf4 h4 24. Qe3 Qg5 25. Kh2 hxg3+ 26. Kxg3 b6 27. e5 dxe5 28. dxe5 Bb7 1-0

[Event "Loire-ch Top20 1011"]
[Site "Loire"]
[Date "2011.03.12"]
[Round "6"]
[White "Muller, Anthony"]
[Black "Licata, Luc"]
[Result "1-0"]
[WhiteElo "1888"]
[BlackElo "1830"]
[PlyCount "59"]
[EventDate "2010.10.09"]
[EventType "swiss"]
[EventRounds "7"]
[EventCountry "FRA"]
[SourceTitle "EXT 2012"]
[Source "ChessBase"]
[SourceDate "2011.11.24"]
[SourceVersion "1"]
[SourceVersionDate "2011.11.24"]
[SourceQuality "1"]

1. d4 Nf6 2. Nf3 d5 3. Bf4 c5 4. c3 e6 5. e3 Nc6 6. Nbd2 Nh5 7. Bg5 Qb6 8. Qb3 f6 9. Bh4 g5 10. g4 Qxb3 11. axb3 Ng7 12. Bg3 h5 13. gxh5 Nxh5 14. Bc7 g4 15. Nh4 cxd4 16. exd4 Rh7 17. Bg3 e5 18. dxe5 Nxg3 19. hxg3 fxe5 20. Bd3 e4 21. Be2 Bd6 22. 0-0-0 Be6 23. Nxe4 Be7 24. Nd2 Bc5 25. Ng6 Rxh1 26. Rxh1 0-0-0 27. Nf4 Bf5 28. Rh5 Ne7 29. Rxf5 Nxf5 30. Bxg4 1-0

[Event "Loire-ch Top20 1011"]
[Site "Loire"]
[Date "2010.12.18"]
[Round "3"]
[White "Garon, Pierre"]
[Black "Licata, Luc"]
[Result "1-0"]
[WhiteElo "1928"]
[BlackElo "1830"]
[PlyCount "103"]
[EventDate "2010.10.09"]
[EventType "swiss"]
[EventRounds "7"]
[EventCountry "FRA"]
[SourceTitle "EXT 2012"]
[Source "ChessBase"]
[SourceDate "2011.11.24"]
[SourceVersion "1"]
[SourceVersionDate "2011.11.24"]
[SourceQuality "1"]

1. d4 e6 2. Bf4 Nf6 3. Nf3 c5 4. e3 Qb6 5. Nbd2 d5 6. Rb1 Nc6 7. c3 cxd4 8. exd4 Nh5 9. Be3 Bd6 10. Bd3 Nf6 11. 0-0 Qc7 12. Re1 Bd7 13. a3 Ng4 14. h3 Nxe3 15. Rxe3 Bf4 16. Re1 0-0 17. Qe2 f6 18. c4 Rae8 19. g3 Bxg3 20. fxg3 Qxg3+ 21. Qg2 Qf4 22. Qh2 Qh6 23. Re2 Bc8 24. Rbe1 Ne7 25. h4 Ng6 26. Bxg6 Qxg6+ 27. Qg2 Qf7 28. c5 Qc7 29. b4 Bd7 30. Nb1 a6 31. Qh2 Qxh2+ 32. Kxh2 Kf7 33. Nc3 Bb5 34. Nxb5 axb5 35. Kg2 Re7 36. Nd2 Rfe8 37. Nb1 e5 38. Nc3 exd4 39. Rxe7+ Rxe7 40. Rxe7+ Kxe7 41. Nxb5 d3 42. Kf3 g5 43. Nd6 Ke6 44. hxg5 fxg5 45. Ke3 h5 46. Kxd3 b6 47. Nb5 bxc5 48. bxc5 Kd7 49. Nd4 g4 50. Ke3 h4 51. Kf2 Kc7 52. a4 1-0

[Event "Loire-ch Top20 1011"]
[Site "Loire"]
[Date "2010.11.06"]
[Round "2"]
[White "Licata, Luc"]
[Black "Cursoux, Gerard"]
[Result "1/2-1/2"]
[WhiteElo "1830"]
[BlackElo "1990"]
[PlyCount "99"]
[EventDate "2010.10.09"]
[EventType "swiss"]
[EventRounds "7"]
[EventCountry "FRA"]
[SourceTitle "EXT 2012"]
[Source "ChessBase"]
[SourceDate "2011.11.24"]
[SourceVersion "1"]
[SourceVersionDate "2011.11.24"]
[SourceQuality "1"]

1. Nf3 c5 2. c4 Nc6 3. d4 cxd4 4. Nxd4 g6 5. e4 Bg7 6. Be3 d6 7. Be2 Nf6 8. Nc3 0-0 9. 0-0 Bd7 10. f3 a6 11. Nxc6 bxc6 12. c5 Be6 13. Qa4 Qc8 14. Rad1 d5 15. e5 Ne8 16. Bd4 Qb7 17. Qa5 Nc7 18. Na4 Nb5 19. f4 Nxd4 20. Rxd4 f6 21. Rb4 Qd7 22. exf6 Bxf6 23. Nb6 Qc7 24. Ra4 Ra7 25. Qd2 a5 26. g4 Bg7 27. b3 Bf7 28. Rxa5 Bd4+ 29. Kg2 Bxc5 30. Rxc5 Qxb6 31. Rfc1 Be8 32. Kh1 Qb8 33. f5 Qe5 34. Bd3 Qd4 35. R5c4 Qf6 36. R4c2 e5 37. g5 Qe7 38. f6 Qe6 39. Re1 e4 40. Rxe4 Qc8 41. Rh4 c5 42. Rc1 Rc7 43. Qf4 Qb7 44. Kg1 Qa7 45. Qf2 Qb6 46. Re1 Qd6 47. Qf4 Qb6 48. Qf2 Qd6 49. Qe2 Bf7 50. Qf2 1/2-1/2

[Event "FRA-chT3 Gr12 0304"]
[Site "Loire"]
[Date "2004.02.01"]
[Round "6.5"]
[White "Zilliox, Claude"]
[Black "Licata, Luc"]
[Result "1-0"]
[WhiteElo "1970"]
[BlackElo "1880"]
[PlyCount "80"]
[EventDate "2003.10.12"]
[EventType "team"]
[EventRounds "9"]
[EventCountry "FRA"]
[SourceTitle "EXT 2008"]
[Source "ChessBase"]
[SourceDate "2007.11.25"]
[SourceVersion "1"]
[SourceVersionDate "2007.11.25"]
[SourceQuality "1"]

1. d4 d5 2. c4 c6 3. Nf3 Nf6 4. e3 a6 5. Nc3 b5 6. cxd5 cxd5 7. Bd3 Bg4 8. 0-0 e6 9. Bd2 Nbd7 10. Rc1 Be7 11. h3 Bh5 12. Re1 0-0 13. Ne2 Ne4 14. Nh2 Bd6 15. Bxe4 dxe4 16. Qb3 Bxe2 17. Rxe2 Qb8 18. Nf1 a5 19. a3 Nf6 20. Be1 a4 21. Qd1 Nd5 22. Rec2 Qb7 23. Rc6 Rfd8 24. Qe2 b4 25. axb4 Bxb4 26. Nd2 Rac8 27. Rxc8 Rxc8 28. Rxc8+ Qxc8 29. Nxe4 Bxe1 30. Qxe1 Qc2 31. Nc5 Qxb2 32. Nxa4 Qb5 33. Nc5 h6 34. Ne4 Qb4 35. Qc1 Kh7 36. Qc2 g6 37. Nd2 Kg7 38. Nf3 Qe7 39. Ne5 Qc7 40. Qb2 Qe7 1-0